01564 a2200241 4500003000500000005001700005010001700022020001500039035002300054040000900077082001600086100003200102245007800134260004500212300002500257505077000282650002801052650002701080650003201107942002501139999001901164952013901183Nust20221020140216.0 a 2001278342 a0072132604 a(OCoLC)ocm47888713 cNust00a005.821,ERB1 aErbschloe, Michael,910100410aInformation warfare :bhow to survive cyber attacks /cMichael Erbschloe. aNew York :bOsborne/McGraw-Hill,cc2001. axx, 315 p. ;c24 cm. aInformation Warfare A New Framework Analysis (Page-1), Measuring the Economics Impact of Information Warfare (Page-41), The Electronic Doomsday Scenario (Page-65), Preparing to Fight Against Major Threats (Page-97), Information warfare Strategies and Tactics from a Military Perspective (Page-123), Information Warfare Strategies and Tactics from a Corporate Perspective (Page-151), Strategies and Tactics from a Terrorist and Criminal Perspective (Page-173), The Arms Dealers and Industrial Mobilization in Information Warfare (Page-197), Civilian Casualties in Information Warfare (Page-229), The New Terrorist Profiles to the Dark Side (Page-237), Law Enforcement (Page-267), Final Words for Policy Makers, Military Planners, and Corporate Executives (Page-283). 0aComputer crimes.918532 0aCyberterrorism.995673 0aInformation warfare.999329 2ddccBKk005.821,ERB c180173d180173 00102ddc4070aMCSbMCScGENd2016-12-12l1o005.821,ERBpMCS30815r2025-10-28s2025-09-24w2016-12-12yBKzAlmirah No.9, Shelf No.6